000 00955nam a2200277Ia 4500
003 GCL
008 140319s9999 xx 000 0 ara d
020 _a7214009957
040 _aGCL /
_cGCL
082 0 4 _a683.8
_bل أ
100 1 _aليلى حجازين نشيوات
245 1 0 _aالادوات والاجهزة المنزلية /
_cليلى حجازين نشيوات
700 1 _aسعاد عساكرية الناعورى
250 _aالاولى
260 _aالاردن :
_bدار الشروق ،
_c2006
300 _a185 ص ؛
_c24 سم
650 0 4 _aالاجهزة الكهربائية
650 0 4 _aالاجهزة المنزلية
650 0 4 _aالغسالات الكهربائية
650 0 4 _aالثلاجات الكهربائية
650 0 4 _aالمطابخ - تجهيزات
650 0 4 _aالافران الكهربائية
650 0 4 _aادوات المائدة
650 0 4 _aالسكاكين
942 _2ddc
_cBK
999 _c10118
_d10118